| 000 | 00712nam a22002411 4500 | ||
|---|---|---|---|
| 001 | 70001070 | ||
| 003 | DLC | ||
| 005 | 20200129130613.0 | ||
| 008 | 700302s1968 mouab b 00000 eng | ||
| 010 | _a 70001070 | ||
| 040 |
_aDLC _cDLC _dDLC |
||
| 050 | 0 | 0 |
_aBS1275.5 _b.O2 |
| 082 | 0 | 0 | _a222/.15/007 |
| 100 | 1 | 0 | _aOberst, Bruce. |
| 245 | 0 | 0 |
_aDeuteronomy. _cThought questions, by Don DeWelt. Summary by Adam Clarke. |
| 260 | 0 |
_aJoplin, Mo., _bCollege Press _c[1968] |
|
| 300 |
_aviii, 452 p. _billus., maps. _c22 cm. |
||
| 350 | _a5.95 | ||
| 490 | 0 | _aBible study textbook series | |
| 504 | _aBibliography: p. 449-452. | ||
| 630 | 0 |
_aBible. O.T. Deuteronomy _xStudy _xOutlines, syllabi, etc. |
|
| 999 |
_c356 _d356 |
||
| 942 | _cMX | ||